| 000 -LEADER |
| fixed length control field |
01635 a2200373 4500 |
| 003 - CONTROL NUMBER IDENTIFIER |
| control field |
OSt |
| 005 - DATE AND TIME OF LATEST TRANSACTION |
| control field |
20180116192329.0 |
| 008 - FIXED-LENGTH DATA ELEMENTS--GENERAL INFORMATION |
| fixed length control field |
120207t xxu||||| |||| 00| 0 eng d |
| 010 ## - LIBRARY OF CONGRESS CONTROL NUMBER |
| LC control number |
2007002358 |
| 020 ## - INTERNATIONAL STANDARD BOOK NUMBER |
| International Standard Book Number |
9780471752165 (pbk.) |
| 020 ## - INTERNATIONAL STANDARD BOOK NUMBER |
| International Standard Book Number |
0471752169 (pbk.) |
| 035 ## - SYSTEM CONTROL NUMBER |
| System control number |
(OCoLC)ocm79256841 |
| 035 ## - SYSTEM CONTROL NUMBER |
| System control number |
(OCoLC)79256841 |
| 040 ## - CATALOGING SOURCE |
| Transcribing agency |
0 |
| 082 ## - DEWEY DECIMAL CLASSIFICATION NUMBER |
| Classification number |
720.1 |
| 100 1# - MAIN ENTRY--PERSONAL NAME |
| Personal name |
Ching, Frank, |
| 9 (RLIN) |
4315 |
| 245 10 - TITLE STATEMENT |
| Title |
Architecture--form, space, & order / |
| Statement of responsibility, etc. |
Francis D.K. Ching. |
| 246 3# - VARYING FORM OF TITLE |
| Title proper/short title |
Architecture--form, space, and order |
| 250 ## - EDITION STATEMENT |
| Edition statement |
3rd ed. |
| 260 ## - PUBLICATION, DISTRIBUTION, ETC. |
| Place of publication, distribution, etc. |
Hoboken, N.J. : |
| Name of publisher, distributor, etc. |
John Wiley & Sons, |
| Date of publication, distribution, etc. |
c2007. |
| 300 ## - PHYSICAL DESCRIPTION |
| Extent |
xiv, 431 p. : |
| Other physical details |
ill., plans ; |
| Dimensions |
28 cm. + |
| Accompanying material |
1 CD-ROM (4 3/4 in.) |
| 500 ## - GENERAL NOTE |
| General note |
Includes bibliographycal refrences & indexe |
| 505 ## - FORMATTED CONTENTS NOTE |
| Formatted contents note |
1 Primary Elements --2 Form --3 Form & Space --4 Organization --5 Circulation --6 Proportion & Scale --7 Principles |
| 650 #0 - SUBJECT ADDED ENTRY--TOPICAL TERM |
| Topical term or geographic name entry element |
Architecture |
| General subdivision |
Composition, proportion, etc. |
| 9 (RLIN) |
4316 |
| 650 #0 - SUBJECT ADDED ENTRY--TOPICAL TERM |
| Topical term or geographic name entry element |
Space (Architecture) |
| 9 (RLIN) |
4317 |
| 650 #0 - SUBJECT ADDED ENTRY--TOPICAL TERM |
| Topical term or geographic name entry element |
Architecture |
| General subdivision |
Orders |
| 9 (RLIN) |
4318 |
| 856 41 - ELECTRONIC LOCATION AND ACCESS |
| Materials specified |
Table of contents only |
| Uniform Resource Identifier |
<a href="http://www.loc.gov/catdir/toc/ecip079/2007002358.html">http://www.loc.gov/catdir/toc/ecip079/2007002358.html</a> |
| 856 41 - ELECTRONIC LOCATION AND ACCESS |
| Materials specified |
Contributor biographical information |
| Uniform Resource Identifier |
<a href="http://www.loc.gov/catdir/enhancements/fy0826/2007002358-b.html">http://www.loc.gov/catdir/enhancements/fy0826/2007002358-b.html</a> |
| 856 41 - ELECTRONIC LOCATION AND ACCESS |
| Materials specified |
Publisher description |
| Uniform Resource Identifier |
<a href="http://www.loc.gov/catdir/enhancements/fy0826/2007002358-d.html">http://www.loc.gov/catdir/enhancements/fy0826/2007002358-d.html</a> |
| 942 ## - ADDED ENTRY ELEMENTS (KOHA) |
| Institution code [OBSOLETE] |
SADA |
| Koha item type |
Book |
| Call number prefix |
720.1 CHI 2007 |
| Source of classification or shelving scheme |
|